Основы китайского языка. Основной курс: учебник

Dettagli Bibliografici
Autore principale: Задоенко Т. П. Тамара Павловна
Ente Autore: Московский государственный университет им. М. В. Ломоносова (МГУ) Институт стран Азии и Африки (ИСАА)
Altri autori: Хуан Шуин
Riassunto:Исключено из фонда НТБ ТПУ
Lingua:russo
cinese
Pubblicazione: Москва, Наука, 1986
Natura: Libro
KOHA link:https://koha.lib.tpu.ru/cgi-bin/koha/opac-detail.pl?biblionumber=76675

MARC

LEADER 00000nam0a2200000 4500
001 76675
005 20231031091846.0
035 |a (RuTPU)RU\TPU\book\82189 
090 |a 76675 
100 |a 20050428d1986 m y0rusy50 ca 
101 0 |a rus  |a chi 
102 |a RU 
105 |a a j 001zy 
200 1 |a Основы китайского языка. Основной курс  |e учебник  |f Т. П. Задоенко, Хуан Шуин  |g Московский государственный университет им. М. В. Ломоносова ; Институт стран Азии и Африки 
210 |a Москва  |c Наука  |d 1986 
215 |a 719 с.  |c ил. 
320 |a Словарь: с. 609-700 
333 |a Исключено из фонда НТБ ТПУ 
700 1 |a Задоенко  |b Т. П.  |g Тамара Павловна 
701 1 |a Хуан Шуин 
712 0 2 |a Московский государственный университет им. М. В. Ломоносова (МГУ)  |b Институт стран Азии и Африки (ИСАА) 
801 1 |a RU  |b 63413507  |c 20050428  |g PSBO 
801 2 |a RU  |b 63413507  |c 20210614  |g PSBO 
942 |c BK